| 000 | 01133 a2200205 4500 | ||
|---|---|---|---|
| 003 | Nust | ||
| 005 | 20220804140903.0 | ||
| 010 | _a 2004045491 | ||
| 020 | _a0849315263 (alk. paper) | ||
| 040 | _cNust | ||
| 082 | 0 | 0 | _a621.367,DIG |
| 245 | 0 | 0 |
_aDigital image sequence processing, compression, and analysis / _cedited by Todd R. Reed. |
| 260 |
_aBoca Raton : _bCRC Press, _cc2005. |
||
| 300 |
_a272 p. : _bill. ; _c25 cm. |
||
| 505 | _aIntroduction (Page-1), Content Based Image Sequence Representation (Page-5), The Computation of Motion (Page-73), Motion Analysis and Displacement Estimation in the Frequency Domain (Page-109), Quality of Service Assessment in New Generation Wireless Video Communications (Page-135), Error Concealment in Digital Video (Page-151), Image Sequence Restoration (Page-177), Video Summarization (Page-215), High Resolution Images from a Sequence of Low Resolution Observations (Page-233). | ||
| 650 | 0 | _aTelecommunication Engineering. | |
| 700 | 1 |
_aReed, Todd Randall. _996546 |
|
| 856 | 4 | 2 |
_3Publisher description _uhttp://www.loc.gov/catdir/enhancements/fy0646/2004045491-d.html |
| 942 |
_cREF _2ddc |
||
| 999 |
_c175574 _d175574 |
||